000 00573nam a2200193 a 4500
005 20240925064530.0
008 991125n1990 bil 000 0 spa u
020 _a8427116322
035 _aUPN01000020287
049 _aCG
050 4 _aLB1062
_bO8.4
100 1 _aOtt, Ernst
_942333
245 1 0 _aEnseñe a pensar a su hijo :
_bactivación preescolar de la inteligencia /
_cErnst Ott.
260 _aBilbao (Esp.) :
_bMensajero,
_c1990.
300 _a[114] p.
650 4 _aJuegos infantiles
_96445
650 4 _aPensamiento creativo (Educación)
_95414
905 _aLibro
999 _c20287
_d20287